000 00387nam a2200145Ia 4500
008 100122s9999 xx 000 0 und d
082 _b4639
_a823
100 _aपत्की वि वा
245 _aआंधळा न्याय
260 _c1924
300 _a50
630 _aआंधळा न्याय
730 _aआंधळा न्याय
942 _cBOOK
999 _c398155
_d398152